000 00973nam a2200301Ia 4500
001 5804
003 IT-RoPAU
008 130308s9999 xx 000 0 und d
040 _aIT-RoPAU
040 _cIT-RoPAU
041 _aITALIANO
100 _aAA.VV.
100 _gCodice Aut. SPICS: 12000
245 _aSonde nella galassia elettronica
245 _bNono premio internazionale Flaiano
250 _a1a ed.
260 _aPESCARA
260 _bOggi E Domani
260 _c1982 [1° Ed.:1982 - Ed.Ling.Originale:1982]
300 _a"12 p. (prefazione: no ; testo: 12)"
500 _aMcluhan prospettive di Sviluppo nella Tecnica delle comunicazioni Elettriche Nuovi legami tra Passato e presente Valutazione Cristiana Galassia Elettronica e Fonti d'informazione Elaborare Cio' che vogliamo Succeda
650 _aMANIFESTAZIONI CINEMATOGRAFICHE
650 _eCodice materia Spics: 6815
942 _cBK
957 _71
999 _c56650
_d56650
999 _bSI
999 _g1